| 000 | 00405nam a22001337a 4500 | ||
|---|---|---|---|
| 082 | _a345.549108 | ||
| 100 | _aAnwar, Hamid Rehman | ||
| 245 |
_aJuvenile Laws: _bAll Amendments & Up to Date Case Law / _cHamid Rehman Anwar |
||
| 260 |
_aLahore : _bCapital Law Publishers, _cN.A. |
||
| 300 |
_a572 p. ; _c24 cm. |
||
| 942 |
_2ddc _cBK |
||
| 999 |
_c587156 _d587156 |
||